000 00784nam a22001937a 4500
999 _c17995
_d17995
003 BDDh-ASL
005 20231015025652.0
008 200916b1968 ||||| |||| 00| 0 d
040 _aBDDh-ASL
_cBDDh-ASL
_dBDDh-ASL
041 _abengali
082 _a297.4
_bCHS
245 0 _aসত্যের সন্ধান/
_cআল-গাযযালী; আনিস চৌধুরী (অনু.)।
246 _aSattyer Sandhane.
260 _b২৯৭.৪
_cসত্যের
300 _a৬৬ পৃষ্ঠা:
_c২১ সে. মি.।
650 0 _aইসলাম ধর্ম , Isalāma dharma, Islam, Religion, Mohammedism, Mohammadan, Mohammedan, Muhammadan, Islamic Relition, Peace
_9747
700 0 _9834
_aচৌধুরী, আনিস
942 _2ddc
_cBK